[Event "9th Edmonton International Qualifier"]
[Site "Edmonton"]
[Date "2014.05.31"]
[Round "1"]
[White "Briones, Dante"]
[Black "Koperski, Dustin"]
[Result "1-0"]
[WhiteElo "2029"]
[BlackElo "1534"]
[PlyCount "71"]
[EventDate "2014.05.31"]
[EventType "swiss"]
[EventRounds "5"]
[EventCountry "CAN"]

1. e4 c5 2. Nf3 d6 3. d4 cxd4 4. Nxd4 Nf6 5. Nc3 a6 6. f4 e6 7. Be3 Nc6 8. Nxc6
bxc6 9. Bd3 Be7 10. g4 O-O 11. Qf3 e5 12. f5 d5 13. g5 dxe4 14. Bxe4 Nxe4 15.
Nxe4 f6 16. g6 h6 17. Qh5 Qe8 18. Bxh6 Bxf5 19. Qxf5 gxh6 20. Ng3 Kg7 21. Nh5+
Kg8 22. Qe6+ Kh8 23. g7+ Kh7 24. Qf5+ Qg6 25. Qxg6+ Kxg6 26. gxf8=Q Rxf8 27.
Ng3 f5 28. O-O-O f4 29. Ne4 f3 30. Kd2 Bh4 31. Ke3 Bg5+ 32. Nxg5 hxg5 33. Rdf1
g4 34. Rhg1 Kg5 35. h3 f2 36. Rxg4+ 1-0

[Event "9th Edmonton International Qualifier"]
[Site "Edmonton"]
[Date "2014.05.31"]
[Round "1"]
[White "Duggan, Kyle"]
[Black "Sequillion, Aaron"]
[Result "0-1"]
[WhiteElo "1623"]
[BlackElo "2180"]
[PlyCount "72"]
[EventDate "2014.05.31"]
[EventType "swiss"]
[EventRounds "5"]
[EventCountry "CAN"]

1. d4 Nf6 2. c4 c5 3. Nf3 g6 4. Nc3 Bg7 5. e3 O-O 6. Bd3 d5 7. O-O cxd4 8. exd4
Nc6 9. Bf4 Bg4 10. h3 Bxf3 11. Qxf3 Nxd4 12. Qe3 Ne6 13. Qd2 Nh5 14. Bh6 dxc4
15. Bxc4 Qxd2 16. Bxd2 Rfd8 17. Rad1 Nhf4 18. Be3 a6 19. Nd5 b5 20. Nxe7+ Kf8
21. Nd5 Rac8 22. Nxf4 bxc4 23. Nxe6+ fxe6 24. Rxd8+ Rxd8 25. Rc1 Rc8 26. Rc2
Ke7 27. Kf1 Kd6 28. Rd2+ Kc6 29. a4 Rb8 30. Bd4 Rd8 31. Be3 Rxd2 32. Bxd2 Bxb2
33. Be3 c3 34. Bd4 Kd5 35. Bxc3 Bxc3 36. Ke2 Kc4 0-1

[Event "9th Edmonton International Qualifier"]
[Site "Edmonton"]
[Date "2014.05.31"]
[Round "1"]
[White "Haynes, Nicolas"]
[Black "Young, Joseph"]
[Result "1-0"]
[WhiteElo "2285"]
[BlackElo "1793"]
[PlyCount "70"]
[EventDate "2014.05.31"]
[EventType "swiss"]
[EventRounds "5"]
[EventCountry "CAN"]

1. d4 f5 2. Nc3 Nf6 3. Bg5 d5 4. Bxf6 exf6 5. e3 Bb4 6. Qf3 Bxc3+ 7. bxc3 Nc6
8. Bd3 Ne7 9. Qh5+ g6 10. Qh6 Kf7 11. Ne2 Be6 12. Nf4 Qd6 13. O-O Ng8 14. Qh3
h5 15. Rab1 b6 16. Qf3 Nh6 17. Rfd1 Ng4 18. h3 Nh6 19. c4 c6 20. cxd5 cxd5 21.
Qg3 Rhg8 22. Nxh5 Qe7 23. Nf4 Rac8 24. c4 dxc4 25. d5 Bd7 26. d6 Qe5 27. Qh4
Rh8 28. Bc2 Rc5 29. Rd4 Kg7 30. Qg3 g5 31. Nh5+ Kf7 32. f4 Qe8 33. fxg5 fxg5
34. Qxg5 Qe5 35. Rf1 b5 {...White won on move 44} 1-0

[Event "9th Edmonton International Qualifier"]
[Site "Edmonton"]
[Date "2014.05.31"]
[Round "1"]
[White "Hughey, Leah"]
[Black "Zeggelaar, Mike"]
[Result "0-1"]
[WhiteElo "1432"]
[BlackElo "2023"]
[PlyCount "68"]
[EventDate "2014.05.31"]
[EventType "swiss"]
[EventRounds "5"]
[EventCountry "CAN"]

1. c4 Nf6 2. g3 g6 3. Bg2 Bg7 4. Nc3 O-O 5. e3 e5 6. Nge2 d6 7. O-O Nc6 8. a3
Be6 9. Qa4 Qd7 10. Re1 Bh3 11. Bh1 Ng4 12. Ne4 h6 13. f3 f5 14. Nf2 Nxf2 15.
Kxf2 f4 16. Rg1 fxe3+ 17. dxe3 Qf5 18. Bd2 Bg4 19. Raf1 Bxf3 20. Bxf3 Qxf3+ 21.
Ke1 Qe4 22. Nc3 Qg4 23. Qb3 Na5 24. Qb4 b6 25. Nb5 Nb7 26. Nxc7 Nc5 27. Qc3 e4
28. Nxa8 Nd3+ 29. Qxd3 exd3 30. Rxf8+ Bxf8 31. Rg2 Qc8 32. Nxb6 axb6 33. Kf2
Qxc4 34. Bc3 Bg7 0-1

[Event "9th Edmonton International Qualifier"]
[Site "Edmonton"]
[Date "2014.05.31"]
[Round "1"]
[White "Mah, Sean Kenneth"]
[Black "Miller, David"]
[Result "0-1"]
[WhiteElo "1469"]
[BlackElo "2178"]
[PlyCount "90"]
[EventDate "2014.05.31"]
[EventType "swiss"]
[EventRounds "5"]
[EventCountry "CAN"]

1. d4 e6 2. e3 c5 3. c3 Nf6 4. Bd3 Nc6 5. Ne2 d5 6. Nd2 cxd4 7. Nxd4 e5 8. Nxc6
bxc6 9. Nb3 e4 10. Be2 Bd6 11. O-O Bc7 12. c4 Qd6 13. g3 h5 14. c5 Qe6 15. f3
h4 16. g4 exf3 17. Bxf3 Nxg4 18. Bxg4 Qxg4+ 19. Qxg4 Bxg4 20. Nd4 Bd7 21. b3
Rh5 22. Bb2 f6 23. Rf2 O-O-O 24. a3 Re8 25. Re1 Rg5+ 26. Rg2 Rxg2+ 27. Kxg2 h3+
28. Kh1 f5 29. Nf3 f4 30. exf4 Rxe1+ 31. Nxe1 Bxf4 32. Bxg7 Be3 33. Nc2 Bxc5
34. Bd4 Bxd4 35. Nxd4 c5 36. Ne2 d4 37. Kg1 d3 38. Kf2 dxe2 39. Kxe2 Be6 40. b4
c4 41. Kd2 Kc7 42. Kc3 Kc6 43. a4 Kd5 44. a5 Kc6 45. Kd4 Kb5 0-1

[Event "9th Edmonton International Qualifier"]
[Site "Edmonton"]
[Date "2014.05.31"]
[Round "1"]
[White "Nguyen, Kim"]
[Black "Mo, Michelle"]
[Result "1-0"]
[WhiteElo "2210"]
[BlackElo "1695"]
[PlyCount "111"]
[EventDate "2014.05.31"]
[EventType "swiss"]
[EventRounds "5"]
[EventCountry "CAN"]

1. e4 c5 2. Nf3 d6 3. d4 cxd4 4. Nxd4 Nf6 5. Nc3 a6 6. Bc4 e6 7. O-O Be7 8. a4
O-O 9. Qf3 Nbd7 10. Qg3 Nh5 11. Qh3 Nhf6 12. Kh1 Ne5 13. Be2 Ng6 14. Qg3 Kh8
15. Rd1 Qb6 16. a5 Qc5 17. Be3 Qc7 18. Nb3 e5 19. Bb6 Qc6 20. Ra4 Be6 21. Nd2
d5 22. exd5 Nxd5 23. Rc4 Qd7 24. Nxd5 Bxd5 25. Rc7 Qe6 26. Nc4 Rac8 27. Ne3
Rxc7 28. Bxc7 Bc6 29. Bc4 Qf6 30. Ng4 Qg5 31. Nxe5 Qxg3 32. hxg3 Nxe5 33. Bxe5
Rd8 34. Rxd8+ Bxd8 35. b4 f6 36. Bd4 b5 37. axb6 Bb7 38. Be6 h6 39. g4 Kh7 40.
f3 g5 41. c4 Be7 42. Bc5 Bxc5 43. bxc5 Kg7 44. Bd5 Bc8 45. c6 Kf8 46. b7 Bxb7
47. cxb7 Ke7 48. b8=Q Kd7 49. Qb6 f5 50. Qc6+ Ke7 51. Qc7+ Kf6 52. Qd6+ Kg7 53.
Qe6 h5 54. gxh5 Kh7 55. Qg6+ Kh8 56. Qh6# 1-0

[Event "9th Edmonton International Qualifier"]
[Site "Edmonton"]
[Date "2014.05.31"]
[Round "1"]
[White "Porter, Patrick"]
[Black "Gardner, Robert"]
[Result "0-1"]
[WhiteElo "1863"]
[BlackElo "2301"]
[PlyCount "58"]
[EventDate "2014.05.31"]
[EventType "swiss"]
[EventRounds "5"]
[EventCountry "CAN"]

1. e4 d6 2. d4 Nf6 3. Nc3 g6 4. Be3 c6 5. Qd2 b5 6. Bd3 Ng4 7. Nf3 Nxe3 8. Qxe3
Bg7 9. O-O O-O 10. Ne2 Nd7 11. c4 bxc4 12. Bxc4 Rb8 13. Rab1 Qb6 14. Nc3 e5 15.
d5 Qxe3 16. fxe3 Nb6 17. Be2 Bb7 18. b3 Bh6 19. Rbd1 Bxe3+ 20. Kh1 cxd5 21.
Nxd5 Nxd5 22. exd5 Rbc8 23. Bc4 h6 24. Rd3 Bb6 25. Nd2 f5 26. g4 fxg4 27. Rxf8+
Rxf8 28. Rg3 Rf4 29. h3 Rd4 0-1

[Event "9th Edmonton International Qualifier"]
[Site "Edmonton"]
[Date "2014.05.31"]
[Round "1"]
[White "Purewal, Sardul"]
[Black "Wang, Paul"]
[Result "1-0"]
[WhiteElo "1954"]
[BlackElo "964"]
[PlyCount "93"]
[EventDate "2014.05.31"]
[EventType "swiss"]
[EventRounds "5"]
[EventCountry "CAN"]

1. d4 d5 2. c4 c6 3. Nc3 Nf6 4. e3 e6 5. Nf3 Be7 6. Bd3 c5 7. cxd5 exd5 8. dxc5
Bxc5 9. O-O Bg4 10. h3 Bh5 11. Bb5+ Nc6 12. Qa4 Qc7 13. Ne5 a6 14. Bxc6+ bxc6
15. Qxc6+ Qxc6 16. Nxc6 O-O 17. g4 Bg6 18. Ne5 Bc2 19. g5 Ne4 20. Nxe4 Bxe4 21.
Bd2 Rfe8 22. Ng4 Rab8 23. Bc3 Bd3 24. Rfd1 Be4 25. Rac1 f5 26. gxf6 gxf6 27.
Nxf6+ Kf7 28. Nxe4 dxe4 29. Rd7+ Ke6 30. Rxh7 Rf8 31. Bg7 Rf7 32. Rxc5 Rg8 33.
Rg5 Rd7 34. h4 Rd1+ 35. Kg2 Rd7 36. h5 Ke7 37. Bh6+ Kf6 38. Rxd7 Rxg5+ 39.
Bxg5+ Kxg5 40. Rd6 Kxh5 41. Rxa6 Kg4 42. b4 Kg5 43. b5 Kg4 44. b6 Kg5 45. b7
Kg4 46. b8=Q Kf5 47. Qf4# 1-0

[Event "9th Edmonton International Qualifier"]
[Site "Edmonton"]
[Date "2014.05.31"]
[Round "1"]
[White "Seehagen, Terry"]
[Black "Rekhson, Vladislav"]
[Result "1/2-1/2"]
[WhiteElo "1695"]
[BlackElo "2272"]
[PlyCount "93"]
[EventDate "2014.05.31"]
[EventType "swiss"]
[EventRounds "5"]
[EventCountry "CAN"]

1. e4 e6 2. b3 d5 3. Bb2 dxe4 4. Nc3 Nf6 5. g4 Be7 6. Bg2 O-O 7. h4 Nc6 8. g5
Nd5 9. Bxe4 f5 10. Nxd5 exd5 11. Bg2 Be6 12. Qe2 Qd7 13. O-O-O Rae8 14. Nh3 f4
15. Qb5 a6 16. Qd3 f3 17. Bxf3 Bxh3 18. Rxh3 Kh8 19. Be4 Nb4 20. Qd4 Bc5 21.
Qxc5 Qxh3 22. Bxd5 Nxd5 23. Qxd5 Rxf2 24. Bxg7+ Kxg7 25. Qd4+ Kg8 26. Qxf2 Qe6
27. Kb1 a5 28. Rf1 b5 29. Qc5 c6 30. Rf6 Qe1+ 31. Kb2 Qxd2 32. Qxc6 Qd4+ 33.
Qc3 Qxh4 34. Qd2 Qe4 35. a3 a4 36. Qf4 Qe5+ 37. Qxe5 Rxe5 38. bxa4 bxa4 39. Ra6
Rxg5 40. Rxa4 h5 41. Rh4 Kf7 42. Kb3 Ke6 43. c4 Kd6 44. Kb4 Kc6 45. Rh3 Kb6 46.
a4 Rf5 47. Rh4 1/2-1/2

[Event "9th Edmonton International Qualifier"]
[Site "Edmonton"]
[Date "2014.05.31"]
[Round "1"]
[White "Yam, Alex"]
[Black "Tran-Ly, Tristan"]
[Result "1-0"]
[WhiteElo "2383"]
[BlackElo "1870"]
[PlyCount "102"]
[EventDate "2014.05.31"]
[EventType "swiss"]
[EventRounds "5"]
[EventCountry "CAN"]

1. e4 d6 2. d4 Nf6 3. Nc3 g6 4. f4 Bg7 5. Nf3 c5 6. dxc5 Qa5 7. Qd4 Nc6 8. Bb5
O-O 9. Qa4 Qxa4 10. Bxa4 dxc5 11. Be3 Nd7 12. e5 a6 13. Bxc6 bxc6 14. O-O-O Rb8
15. Rhe1 Re8 16. Ne4 Rb4 17. Bd2 Rb7 18. Bc3 Kf8 19. Nfd2 f5 20. exf6 Nxf6 21.
Nxc5 Rb5 22. Ne6+ Bxe6 23. Rxe6 Bh6 24. g3 Nd5 25. Be5 Kf7 26. Rxc6 Nb4 27. Rc7
Nxa2+ 28. Kb1 Nb4 29. Ne4 Ke6 30. c3 Nd5 31. Rc6+ Kf5 32. Re1 Rb6 33. Rc5 Rb5
34. h3 Rxc5 35. Nxc5 g5 36. g4+ Kg6 37. f5+ Kf7 38. Ne6 Nf4 39. Bxf4 gxf4 40.
g5 Bxg5 41. Nxg5+ Kf6 42. Nf3 Kxf5 43. Re5+ Kf6 44. Kc2 Rg8 45. Rh5 Rg3 46. Nd2
Rg2 47. Kd3 Kg6 48. Re5 Kf6 49. Ra5 e5 50. Nf3 Rg3 51. Ke4 Rxh3 1-0

[Event "9th Edmonton International Qualifier"]
[Site "Edmonton"]
[Date "2014.05.31"]
[Round "2"]
[White "Gardner, Robert"]
[Black "Briones, Dante"]
[Result "1-0"]
[WhiteElo "2301"]
[BlackElo "2029"]
[PlyCount "115"]
[EventDate "2014.05.31"]
[EventType "swiss"]
[EventRounds "5"]
[EventCountry "CAN"]

1. d4 d5 2. c4 c6 3. Nf3 Nf6 4. Nc3 e6 5. Bg5 Qa5 6. cxd5 Nxd5 7. Bd2 Nxc3 8.
bxc3 Qc7 9. e4 Be7 10. Bd3 b6 11. Qe2 Bb7 12. O-O Nd7 13. e5 h6 14. a4 a6 15.
c4 Nf8 16. Rfc1 Qd8 17. Be3 Nh7 18. Qc2 Nf8 19. Rab1 Nd7 20. c5 Rc8 21. Nd2 b5
22. Ne4 Kf8 23. f4 h5 24. Rf1 g6 25. Rf3 Kg7 26. Nd6 Bxd6 27. exd6 Re8 28. Rg3
Qf6 29. Rf1 Kh8 30. Rff3 Rg8 31. Rg5 Rg7 32. Qf2 bxa4 33. f5 exf5 34. Bxf5 gxf5
35. Rfxf5 Qe6 36. Rxg7 Kxg7 37. Qg3+ Kf8 38. Rxh5 Qf6 39. Bh6+ Ke8 40. Qg8+ Nf8
41. Re5+ Kd7 42. Re7+ Qxe7 43. dxe7 Kxe7 44. Qg5+ Ke8 45. Bxf8 Kxf8 46. Qh6+
Kg8 47. Qe3 a5 48. Qa3 Ra8 49. Qxa4 Ra6 50. h4 Kg7 51. Kh2 Bc8 52. Kg3 Be6 53.
Kf4 Bd5 54. g4 Ra8 55. h5 Kh6 56. Kf5 Ra7 57. g5+ Kxh5 58. Qd1+ 1-0

[Event "9th Edmonton International Qualifier"]
[Site "Edmonton"]
[Date "2014.05.31"]
[Round "2"]
[White "Miller, David"]
[Black "Haynes, Nicolas"]
[Result "1/2-1/2"]
[WhiteElo "2178"]
[BlackElo "2285"]
[PlyCount "72"]
[EventDate "2014.05.31"]
[EventType "swiss"]
[EventRounds "5"]
[EventCountry "CAN"]

1. e4 Nf6 2. e5 Nd5 3. d4 d6 4. Nf3 dxe5 5. Nxe5 c6 6. Be2 Nd7 7. Nf3 g6 8. O-O
Bg7 9. c4 N5b6 10. Nc3 O-O 11. a4 a5 12. Be3 Nf6 13. h3 Qc7 14. Qb3 Nbd7 15.
Rfd1 b6 16. Rac1 Ba6 17. Nb5 Qd8 18. c5 Nd5 19. Bg5 h6 20. Bh4 N7f6 21. Ne5
cxb5 22. axb5 Bc8 23. Nc6 Qe8 24. Bf3 e6 25. Bg3 Bb7 26. Bd6 Bxc6 27. Bxf8 Bxb5
28. Bxg7 Kxg7 29. Qa3 bxc5 30. dxc5 Bc6 31. Ra1 Qb8 32. Rd2 Qb5 33. Be2 Qb7 34.
Bf3 Qb5 35. Be2 Qb7 36. Bf3 Qb5 1/2-1/2

[Event "9th Edmonton International Qualifier"]
[Site "Edmonton"]
[Date "2014.05.31"]
[Round "2"]
[White "Mo, Michelle"]
[Black "Hughey, Leah"]
[Result "0-1"]
[WhiteElo "1695"]
[BlackElo "1432"]
[PlyCount "152"]
[EventDate "2014.05.31"]
[EventType "swiss"]
[EventRounds "5"]
[EventCountry "CAN"]

1. e4 e6 2. d4 d5 3. Nc3 Nf6 4. e5 Nfd7 5. Nf3 c5 6. Be3 Nc6 7. Bb5 Qc7 8. O-O
a6 9. Bxc6 bxc6 10. Ne2 Rb8 11. b3 cxd4 12. Bxd4 c5 13. Bb2 d4 14. c3 Nxe5 15.
Nxe5 Qxe5 16. cxd4 Qg5 17. Qd3 Bb7 18. f3 Bd6 19. dxc5 Bxc5+ 20. Kh1 O-O 21.
Bd4 Rfd8 22. Qc3 Be7 23. Be3 Qb5 24. Nd4 Qd5 25. Rad1 Rbc8 26. Qb2 Qe5 27. Rfe1
Bd6 28. Bg1 Qf4 29. Qd2 Bd5 30. Qxf4 Bxf4 31. Be3 Be5 32. Ne2 Rc2 33. Nd4 Bxd4
34. Bxd4 Rxa2 35. Bc5 h6 36. b4 Rd7 37. h3 Bc6 38. Ra1 Rxa1 39. Rxa1 Bb5 40.
Kg1 Rd2 41. Be3 Re2 42. Bc5 Kh7 43. Kh2 Kg6 44. Kg3 h5 45. h4 Kf5 46. f4 Ke4
47. Rd1 Kf5 48. Kf3 g6 49. g3 f6 50. Rd8 e5 51. fxe5 fxe5 52. Rd5 Ke6 53. Rd1
e4+ 54. Kf4 Bd3 55. Bd4 Kd5 56. Be3 Kc4 57. Bc5 a5 58. Rc1+ Rc2 59. Rb1 axb4
60. Bxb4 Rf2+ 61. Ke3 Bxb1 62. Kxf2 Kxb4 63. Ke3 Kc3 64. g4 hxg4 65. h5 gxh5
66. Ke2 h4 67. Ke3 h3 68. Kf2 Kd2 69. Kg3 e3 70. Kf4 h2 71. Kg3 h1=Q 72. Kf4 e2
73. Kg5 e1=Q 74. Kf4 Qhe4+ 75. Kg5 Qg6+ 76. Kf4 Qe3# 0-1

[Event "9th Edmonton International Qualifier"]
[Site "Edmonton"]
[Date "2014.05.31"]
[Round "2"]
[White "Nguyen, Kim"]
[Black "Yam, Alex"]
[Result "0-1"]
[WhiteElo "2182"]
[BlackElo "2383"]
[PlyCount "44"]
[EventDate "2014.05.31"]
[EventType "swiss"]
[EventRounds "5"]
[EventCountry "CAN"]

1. e4 c5 2. Nf3 Nc6 3. Nc3 e6 4. d4 cxd4 5. Nxd4 Nf6 6. Be2 a6 7. O-O Qc7 8.
Be3 b5 9. Nxc6 dxc6 10. a3 c5 11. Bf3 Bb7 12. e5 Rd8 13. Qe2 Nd5 14. Bg5 Be7
15. Bxe7 Qxe7 16. Ne4 O-O 17. c4 Nf4 18. Qc2 Nd3 19. Qc3 b4 20. axb4 cxb4 21.
Qc2 Nxe5 22. Be2 f5 0-1

[Event "9th Edmonton International Qualifier"]
[Site "Edmonton"]
[Date "2014.05.31"]
[Round "2"]
[White "Reichert, Wayne"]
[Black "Salehian, Mohammad"]
[Result "0-1"]
[WhiteElo "1098"]
[BlackElo "1869"]
[PlyCount "66"]
[EventDate "2014.05.31"]
[EventType "swiss"]
[EventRounds "5"]
[EventCountry "CAN"]

1. d4 Nf6 2. c4 e6 3. Nc3 d5 4. e3 Be7 5. Nf3 O-O 6. Bd3 c5 7. O-O Nc6 8. b3
Nb4 9. Be2 Ne4 10. Bb2 Nxc3 11. Bxc3 cxd4 12. exd4 dxc4 13. Bxc4 Nd5 14. Bb2 a6
15. a4 Nb6 16. Bd3 g6 17. Bc1 Bf6 18. Bh6 Re8 19. Bc2 Bd7 20. Rc1 Rc8 21. Bd2
Nd5 22. Qe1 b5 23. a5 b4 24. Bxb4 Bb5 25. Bd2 Rc7 26. Qd1 Bxf1 27. Qxf1 Qd6 28.
Qe1 Rec8 29. Qd1 Nc3 30. Qf1 Na2 31. Ra1 Rxc2 32. Qe2 Bxd4 33. Ne1 Bxa1 0-1

[Event "9th Edmonton International Qualifier"]
[Site "Edmonton"]
[Date "2014.05.31"]
[Round "2"]
[White "Sequillion, Aaron"]
[Black "Purewal, Sardul"]
[Result "1-0"]
[WhiteElo "2180"]
[BlackElo "1954"]
[PlyCount "59"]
[EventDate "2014.05.31"]
[EventType "swiss"]
[EventRounds "5"]
[EventCountry "CAN"]

1. e4 c6 2. d4 d5 3. f3 dxe4 4. fxe4 Nf6 5. e5 Ng8 6. Nf3 Bg4 7. Be2 e6 8. O-O
Be7 9. c4 Nh6 10. Bxh6 gxh6 11. Nc3 Nd7 12. Qd2 Bxf3 13. Bxf3 Nxe5 14. Bh5 Ng6
15. Rad1 Bg5 16. Qf2 O-O 17. g3 Qa5 18. d5 cxd5 19. cxd5 exd5 20. Rxd5 Qc7 21.
Ne4 Qc4 22. Qf3 Rad8 23. Rxd8 Rxd8 24. Nxg5 hxg5 25. Qxb7 Qc5+ 26. Kh1 Qd5+ 27.
Qxd5 Rxd5 28. Kg2 Ne5 29. Rf5 h6 30. Bxf7+ 1-0

[Event "9th Edmonton International Qualifier"]
[Site "Edmonton"]
[Date "2014.05.31"]
[Round "2"]
[White "Tran-Ly, Tristan"]
[Black "Mah, Sean Kenneth"]
[Result "1-0"]
[WhiteElo "1870"]
[BlackElo "1469"]
[PlyCount "49"]
[EventDate "2014.05.31"]
[EventType "swiss"]
[EventRounds "5"]
[EventCountry "CAN"]

1. d4 d5 2. c4 e6 3. Nc3 Nf6 4. cxd5 exd5 5. Bg5 c6 6. Qc2 Be7 7. e3 O-O 8. Bd3
h6 9. Bh4 Re8 10. Nge2 Ne4 11. Bxe7 Qxe7 12. O-O b6 13. Rae1 Bb7 14. f3 Nd6 15.
Ng3 Qc7 16. Nxd5 Qd7 17. Nc3 Na6 18. a3 c5 19. d5 c4 20. Bf5 Nxf5 21. Nxf5 Bxd5
22. Rd1 Re5 23. Rxd5 Rxd5 24. Nxd5 Qxd5 25. Ne7+ 1-0

[Event "9th Edmonton International Qualifier"]
[Site "Edmonton"]
[Date "2014.05.31"]
[Round "2"]
[White "Wang, Paul"]
[Black "Duggan, Kyle"]
[Result "1-0"]
[WhiteElo "964"]
[BlackElo "1623"]
[PlyCount "63"]
[EventDate "2014.05.31"]
[EventType "swiss"]
[EventRounds "5"]
[EventCountry "CAN"]

1. e4 e6 2. d4 d5 3. exd5 exd5 4. Nf3 c5 5. Bb5+ Bd7 6. Bxd7+ Nxd7 7. O-O Ngf6
8. Re1+ Be7 9. Bg5 O-O 10. Nc3 Re8 11. Qd3 a6 12. Bxf6 Nxf6 13. Ng5 Qd7 14.
dxc5 Bxc5 15. Rxe8+ Rxe8 16. Rd1 Qg4 17. Nf3 Rd8 18. Ne5 Qf4 19. Nf3 Ng4 20.
Rd2 Re8 21. g3 Qb8 22. Qxd5 Qa7 23. Ne4 Bb6 24. Nfg5 Ne5 25. Nd6 Qb8 26. Nxe8
Qxe8 27. Re2 Bc7 28. f4 h6 29. fxe5 hxg5 30. e6 Qe7 31. exf7+ Kf8 32. Rxe7 1-0

[Event "9th Edmonton International Qualifier"]
[Site "Edmonton"]
[Date "2014.05.31"]
[Round "2"]
[White "Young, Joseph"]
[Black "Koperski, Dustin"]
[Result "1-0"]
[WhiteElo "1793"]
[BlackElo "1534"]
[PlyCount "57"]
[EventDate "2014.05.31"]
[EventType "swiss"]
[EventRounds "5"]
[EventCountry "CAN"]

1. d4 Nf6 2. Nf3 e6 3. Bg5 d5 4. e3 Nbd7 5. Bd3 c5 6. c3 h6 7. Bh4 Qc7 8. O-O
Bd6 9. Nbd2 O-O 10. Qe2 a6 11. e4 e5 12. Rac1 c4 13. Bb1 b5 14. exd5 exd4 15.
cxd4 Bb7 16. Ne4 Rfe8 17. Nxf6+ Nxf6 18. Qc2 g5 19. Bg3 Bxd5 20. Qf5 Re6 21.
Be5 Be4 22. Bxe4 Nxe4 23. Qxe4 Rae8 24. Bxd6 Qxd6 25. Ne5 Kf8 26. Qh7 Ke7 27.
Qxf7+ Kd8 28. Qb7 R6e7 29. Nc6+ 1-0

[Event "9th Edmonton International Qualifier"]
[Site "Edmonton"]
[Date "2014.05.31"]
[Round "2"]
[White "Zeggelaar, Mike"]
[Black "Hughey, Micah"]
[Result "0-1"]
[WhiteElo "2023"]
[BlackElo "2210"]
[PlyCount "60"]
[EventDate "2014.05.31"]
[EventType "swiss"]
[EventRounds "5"]
[EventCountry "CAN"]

1. d4 d5 2. c4 e6 3. cxd5 exd5 4. Nf3 c5 5. Nc3 Nc6 6. Bg5 Be7 7. Bxe7 Ngxe7 8.
e3 c4 9. e4 dxe4 10. Nxe4 Bf5 11. Nc3 Nb4 12. Qa4+ Nec6 13. O-O-O O-O 14. Rd2
Nd3+ 15. Bxd3 Bxd3 16. Rhd1 a6 17. Ne5 Nxe5 18. dxe5 b5 19. Qb4 Qg5 20. Qc5
Rfe8 21. Re1 Rac8 22. Qd4 Rcd8 23. Qe3 Qxg2 24. f4 Qc6 25. Rg1 b4 26. Qg3 g6
27. Nd1 Bf5 28. Ne3 c3 29. Rxd8 cxb2+ 30. Kd2 Rxd8+ 0-1

[Event "9th Edmonton International Qualifier"]
[Site "Edmonton"]
[Date "2014.05.31"]
[Round "3"]
[White "Briones, Dante"]
[Black "Young, Joseph"]
[Result "0-1"]
[WhiteElo "2029"]
[BlackElo "1793"]
[PlyCount "114"]
[EventDate "2014.05.31"]
[EventType "swiss"]
[EventRounds "5"]
[EventCountry "CAN"]

1. e4 c5 2. Nf3 e6 3. d4 Nf6 4. e5 Nd5 5. c4 Nb4 6. d5 d6 7. a3 N4a6 8. Nc3
dxe5 9. Nxe5 Bd6 10. Nf3 O-O 11. Be2 e5 12. O-O Nc7 13. Qc2 f5 14. Rd1 h6 15.
b4 b6 16. Bb2 e4 17. Ne1 Qh4 18. g3 Qh3 19. Bf1 Qh5 20. Bg2 a6 21. Qb3 Nd7 22.
Nc2 Ne5 23. bxc5 Bxc5 24. Na4 Nd3 25. Rxd3 exd3 26. Qxd3 Bd6 27. Nxb6 Rb8 28.
Qd4 Qg6 29. Nxc8 Rfxc8 30. Bc3 Re8 31. f4 Rbc8 32. Kh1 h5 33. Bf3 Qh6 34. Ne3
Rf8 35. Bxh5 Ne8 36. Bxe8 Bc5 37. Nxf5 Rxf5 38. Qe4 Rf8 39. Bd7 Rb8 40. a4 Rb3
41. Qc2 Qh5 42. Rf1 Rfb8 43. Be5 Rb1 44. Kg2 Rxf1 45. Be6+ Kf8 46. Bd6+ Bxd6
47. g4 Rfb1 48. gxh5 R1b2 49. Qxb2 Rxb2+ 50. Kg3 Rb4 51. c5 Bxc5 52. f5 Bd6+
53. Kg2 Rxa4 54. h3 Ra2+ 55. Kf3 a5 56. h4 Ra4 57. f6 Rxh4 0-1

[Event "9th Edmonton International Qualifier"]
[Site "Edmonton"]
[Date "2014.05.31"]
[Round "3"]
[White "Hughey, Leah"]
[Black "Tran-Ly, Tristan"]
[Result "0-1"]
[WhiteElo "1432"]
[BlackElo "1870"]
[PlyCount "30"]
[EventDate "2014.05.31"]
[EventType "swiss"]
[EventRounds "5"]
[EventCountry "CAN"]

1. e4 d6 2. d4 Nf6 3. Nc3 g6 4. Nf3 Bg7 5. Bc4 c5 6. dxc5 Qa5 7. Bd2 Qxc5 8.
Qe2 O-O 9. O-O Bg4 10. Bb3 Nc6 11. Rfe1 Qh5 12. Be3 Ne5 13. Nd5 Nxf3+ 14. gxf3
Bxf3 15. Nxe7+ Kh8 0-1

[Event "9th Edmonton International Qualifier"]
[Site "Edmonton"]
[Date "2014.05.31"]
[Round "3"]
[White "Hughey, Micah"]
[Black "Gardner, Robert"]
[Result "1/2-1/2"]
[WhiteElo "2210"]
[BlackElo "2301"]
[PlyCount "77"]
[EventDate "2014.05.31"]
[EventType "swiss"]
[EventRounds "5"]
[EventCountry "CAN"]

1. e4 g6 2. d4 Bg7 3. Nf3 c6 4. Nc3 b5 5. Bd3 d6 6. O-O h5 7. a4 b4 8. Ne2 Nd7
9. Bd2 c5 10. c3 bxc3 11. Bxc3 cxd4 12. Nexd4 Ngf6 13. Qe2 Bb7 14. e5 dxe5 15.
Nxe5 Nxe5 16. Qxe5 O-O 17. Rfd1 Ng4 18. Qxg7+ Kxg7 19. Ne6+ Kg8 20. Nxd8 Rfxd8
21. h3 Nh6 22. a5 Nf5 23. a6 Bd5 24. Ba5 Rd6 25. Bb4 Rb6 26. Bxf5 Rxb4 27. Rxd5
gxf5 28. Rxf5 Rxb2 29. Rxh5 Rab8 30. Ra3 R8b3 31. Raa5 f6 32. Rhc5 Rd3 33. g3
Rdd2 34. Rf5 Ra2 35. Rxa2 Rxa2 36. Rb5 Rxa6 37. Rb7 Kf7 38. h4 Ra1+ 39. Kg2
1/2-1/2

[Event "9th Edmonton International Qualifier"]
[Site "Edmonton"]
[Date "2014.05.31"]
[Round "3"]
[White "Kadavil, Suresh"]
[Black "Duggan, Kyle"]
[Result "1-0"]
[WhiteElo "1628"]
[BlackElo "1623"]
[PlyCount "111"]
[EventDate "2014.05.31"]
[EventType "swiss"]
[EventRounds "5"]
[EventCountry "CAN"]

1. d3 d5 2. Nf3 Nc6 3. c3 e5 4. Qa4 Bd7 5. Qb3 Nf6 6. Qxb7 Rb8 7. Qa6 Rb6 8.
Qa4 Nd4 9. Qd1 Nxf3+ 10. exf3 Bd6 11. g3 O-O 12. Bg2 Qc8 13. g4 h6 14. O-O c5
15. Nd2 Qc7 16. h3 Re8 17. c4 Bc6 18. cxd5 Bxd5 19. Ne4 Nxe4 20. fxe4 Bc6 21.
Qc2 Qb7 22. b3 Bb5 23. Be3 Qa6 24. Rfd1 Rc8 25. Rac1 Be7 26. Bf1 Rd6 27. a4 Bd7
28. Qb2 Re6 29. d4 exd4 30. Bxa6 Rxa6 31. Bf4 Rf6 32. Bg3 Rcc6 33. Rd3 g5 34.
e5 Rfe6 35. Qe2 Bc8 36. Qe4 a5 37. Rxd4 cxd4 38. Qxc6 Rxc6 39. Rxc6 Be6 40.
Rxe6 fxe6 41. Kf1 d3 42. Ke1 Bb4+ 43. Kd1 Kf7 44. f3 d2 45. Bf2 Bc3 46. Be3
Bxe5 47. Bxd2 Bc7 48. Kc2 e5 49. Kc3 Ke6 50. Kc4 Kd6 51. Kb5 Kd5 52. Bxa5 Bd6
53. Bb6 Bb8 54. a5 Kd6 55. a6 Bc7 56. a7 1-0